Guess the Beatles song with no hints #2 - Statistics

General Stats
  • This quiz has been taken 105 times
  • The average score is 41 of 67
Answer Stats
Answer % Correct
I
98%
I
98%
I
98%
a
96%
a
96%
a
96%
a
96%
a
96%
a
96%
love
89%
her
84%
her
84%
her
84%
her
84%
her
84%
her
84%
her
84%
she
78%
she
78%
to
76%
to
76%
is
74%
is
74%
is
74%
I'm
61%
I'm
61%
that
60%
have
57%
girl
55%
girl
55%
girl
55%
mine
55%
mine
55%
say
55%
lot
53%
lot
53%
but
51%
but
51%
but
51%
from
51%
make
51%
make
51%
day
50%
day
50%
gonna
50%
gonna
50%
of
49%
doesn't
47%
tell
47%
get
45%
nice
45%
nice
45%
nice
45%
pretty
43%
pretty
43%
pretty
43%
majesty
41%
majesty
41%
majesty
41%
someday
40%
someday
40%
wanna
40%
wine
38%
belly
37%
changes
37%
full
37%
gotta
34%
No matching quizzes found
Score Distribution
Percent of People with Each Score
Percentile by Number Answered
Your Score History
You have not taken this quiz